[Event "Santa Catarina State-ch (Women) 35th"]
[Site "Rio Negrinho"]
[Date "2021.10.24"]
[Round "7"]
[White "Darcanal, Emanuele1111"]
[Black "Neuenfeld, Eduarda"]
[Result "0-1"]
[WhiteElo "1008"]
[BlackElo "1297"]
[PlyCount "82"]
[EventDate "2021.10.21"]
[EventType "swiss"]
[EventRounds "7"]
[EventCountry "BRA"]
[SourceTitle "EXT 2023"]
[Source "ChessBase"]
[SourceDate "2022.10.05"]
[SourceVersion "1"]
[SourceVersionDate "2022.10.05"]
[SourceQuality "1"]

1. d4 d5 2. e3 e6 3. Bd3 Nf6 4. f4 c6 5. Nf3 b6 6. Nbd2 Ba6 7. Nb3 Bxd3 8. Qxd3 Nbd7 9. 0-0 Ne4 10. Ne5 Rc8 11. Nd2 Nxd2 12. Bxd2 Nf6 13. c3 c5 14. b3 Be7 15. Kh1 0-0 16. g4 Ne4 17. Rf3 f6 18. Nc4 b5 19. Na3 c4 20. bxc4 bxc4 21. Nxc4 Rxc4 22. Rb1 Qc7 23. Rc1 Rb8 24. Rc2 Qa5 25. Rf1 Rbc8 26. g5 fxg5 27. fxg5 Bxg5 28. Be1 Nxc3 29. Bxc3 Rxc3 30. Rxc3 Qxc3 31. Qxc3 Rxc3 32. e4 dxe4 33. Re1 e3 34. Re2 Rd3 35. a4 Rd2 36. Rxd2 exd2 37. Kg2 d1Q 38. a5 Qe2+ 39. Kg3 Bf4+ 40. Kh4 g5+ 41. Kh3 Qf2 0-1

[Event "Santa Catarina State-ch (Women) 35th"]
[Site "Rio Negrinho"]
[Date "2021.10.21"]
[Round "1"]
[White "Neuenfeld, Eduarda"]
[Black "Rodrigues Mota, Sophia Lorena"]
[Result "0-1"]
[WhiteElo "1297"]
[BlackElo "1541"]
[PlyCount "102"]
[EventDate "2021.10.21"]
[EventType "swiss"]
[EventRounds "7"]
[EventCountry "BRA"]
[SourceTitle "EXT 2023"]
[Source "ChessBase"]
[SourceDate "2022.10.05"]
[SourceVersion "1"]
[SourceVersionDate "2022.10.05"]
[SourceQuality "1"]

1. d4 Nf6 2. Bf4 g6 3. e3 Bg7 4. Nf3 d6 5. c4 0-0 6. Nc3 Nbd7 7. Bd3 Re8 8. 0-0 e5 9. Bg5 c6 10. Rc1 Qb6 11. Qc2 Qc7 12. b4 a6 13. Qb1 exd4 14. Nxd4 Ne5 15. Be2 c5 16. Bxf6 Bxf6 17. Nd5 Qd8 18. bxc5 dxc5 19. Nb3 b6 20. Nd2 Rb8 21. Ne4 Bg7 22. Rfd1 Bf5 23. Ndf6+ Bxf6 24. Rxd8 Bxd8 25. f3 Ng4 26. Qd3 Bg5 27. fxg4 Bxe4 28. Qb3 Bxg2 29. Kxg2 Rxe3 30. Qd1 Rxe2+ 31. Qxe2 Bxc1 32. Qe5 Rd8 33. Qc7 Rd2+ 34. Kf3 Rd3+ 35. Ke4 Rd4+ 36. Kf3 Rf4+ 37. Ke2 Rxc4 38. Qxb6 Re4+ 39. Kf3 Re3+ 40. Kf2 Re6 41. Qb3 Be3+ 42. Kf3 Bd4 43. Qb8+ Kg7 44. g5 Re3+ 45. Kg2 Re2+ 46. Kf3 Rxa2 47. Qb1 Ra1 48. Qb3 a5 49. h4 a4 50. Qc2 a3 51. h5 gxh5 0-1

[Event "Timbo op"]
[Site "Timbo"]
[Date "2021.06.12"]
[Round "3"]
[White "Colaco, Willian Wagner Soar"]
[Black "Neuenfeld, Eduarda"]
[Result "1-0"]
[WhiteElo "1675"]
[BlackElo "1304"]
[PlyCount "67"]
[EventDate "2021.06.11"]
[EventType "swiss"]
[EventRounds "6"]
[EventCountry "BRA"]
[SourceTitle "EXT 2022"]
[Source "ChessBase"]
[SourceDate "2021.10.06"]
[SourceVersion "1"]
[SourceVersionDate "2021.10.06"]
[SourceQuality "1"]

1. d4 d5 2. Nf3 Nf6 3. Bg5 e6 4. e3 c6 5. Nbd2 Be7 6. Bd3 b6 7. 0-0 Ba6 8. Qe2 Bxd3 9. Qxd3 Nbd7 10. c4 Rc8 11. a3 c5 12. b4 0-0 13. Rfc1 cxd4 14. Nxd4 Ne5 15. Qe2 Qd7 16. cxd5 Nxd5 17. Bxe7 Qxe7 18. Nc4 Ng6 19. b5 f5 20. Nc6 Qd7 21. f3 Rce8 22. a4 Qc7 23. a5 bxa5 24. Rxa5 Ra8 25. Rca1 Nc3 26. Qb2 Qd7 27. Qxc3 Qd5 28. Rxa7 Rxa7 29. Rxa7 Qd1+ 30. Kf2 e5 31. N4xe5 Nxe5 32. Nxe5 h6 33. Nd3 Rf6 34. Ra1 1-0

[Event "Timbo op"]
[Site "Timbo"]
[Date "2021.02.21"]
[Round "5"]
[White "Neuenfeld, Eduarda"]
[Black "Valio, Daniel Santos Marqu"]
[Result "0-1"]
[WhiteElo "1309"]
[BlackElo "1820"]
[PlyCount "69"]
[EventDate "2021.02.19"]
[EventType "swiss"]
[EventRounds "6"]
[EventCountry "BRA"]
[SourceTitle "EXT 2022"]
[Source "ChessBase"]
[SourceDate "2021.10.06"]
[SourceVersion "1"]
[SourceVersionDate "2021.10.06"]
[SourceQuality "1"]

1. d4 d5 2. Bf4 Nf6 3. e3 e6 4. Nf3 Bd6 5. Bg5 h6 6. Bh4 b6 7. c4 c6 8. a3 a5 9. Nc3 Nbd7 10. Be2 Ba6 11. Qa4 Qc7 12. 0-0 dxc4 13. e4 b5 14. Qc2 e5 15. Rfd1 exd4 16. Rxd4 Bc5 17. Rd2 0-0 18. Rad1 Ne5 19. Bg3 Nxf3+ 20. Bxf3 Qe7 21. e5 Nd5 22. Nxd5 cxd5 23. Rxd5 Rad8 24. Qd2 Rxd5 25. Qxd5 Bc8 26. Qc6 b4 27. axb4 axb4 28. Qe4 c3 29. bxc3 bxc3 30. Qc2 Qa7 31. Kh1 Qa3 32. Rb1 Qa2 33. Be4 Rd8 34. Qxc3 Bxf2 35. Bxf2 0-1

[Event "Timbo op"]
[Site "Timbo"]
[Date "2021.02.19"]
[Round "1"]
[White "Neuenfeld, Eduarda"]
[Black "Tomiello, Lucas Costamilan"]
[Result "0-1"]
[WhiteElo "1309"]
[BlackElo "2070"]
[PlyCount "66"]
[EventDate "2021.02.19"]
[EventType "swiss"]
[EventRounds "6"]
[EventCountry "BRA"]
[SourceTitle "EXT 2022"]
[Source "ChessBase"]
[SourceDate "2021.10.06"]
[SourceVersion "1"]
[SourceVersionDate "2021.10.06"]
[SourceQuality "1"]

1. d4 Nf6 2. Bf4 g6 3. e3 Bg7 4. c4 0-0 5. Nf3 d6 6. Nc3 Nh5 7. Bg5 h6 8. Bh4 g5 9. Bg3 Nxg3 10. hxg3 e6 11. Nd2 c5 12. Nb3 cxd4 13. Nxd4 Nc6 14. Nxc6 bxc6 15. Rc1 d5 16. cxd5 cxd5 17. Bd3 Qa5 18. a3 Rb8 19. Qe2 Bd7 20. 0-0 Rfc8 21. Qd2 Rb3 22. Qc2 Qb6 23. Qd2 Rxb2 24. Qe1 Rb3 25. Na4 Rxc1 26. Qxc1 Bxa4 27. Qc8+ Bf8 28. Bc2 Rxa3 29. Bh7+ Kg7 30. Rb1 Qc5 31. Qd8 Kxh7 32. Rb8 Ra1+ 33. Kh2 Qc1 0-1

[Event "Florianopolis op 6th"]
[Site "Florianopolis"]
[Date "2020.01.26"]
[Round "10"]
[White "Neuenfeld, Eduarda"]
[Black "Seiffert, Gabriel Pamplona"]
[Result "0-1"]
[WhiteElo "1277"]
[BlackElo "1524"]
[PlyCount "52"]
[EventDate "2020.01.20"]
[EventType "swiss"]
[EventRounds "10"]
[EventCountry "BRA"]
[SourceTitle "CBM 194 Extra"]
[Source "ChessBase"]
[SourceDate "2020.03.31"]
[SourceVersion "1"]
[SourceVersionDate "2020.03.31"]
[SourceQuality "1"]

1. d4 d5 2. Bf4 Nf6 3. Nf3 c5 4. c3 Nc6 5. e3 e6 6. Nbd2 Bd6 7. Ne5 Qc7 8. Ndf3 0-0 9. Bd3 Rb8 10. h4 Nd7 11. Bxh7+ Kxh7 12. Ng5+ Kg8 13. Qh5 Nf6 14. Qf3 Nxe5 15. dxe5 Bxe5 16. h5 Bxf4 17. exf4 e5 18. h6 Bg4 19. Qg3 exf4 20. Qh4 Qe5+ 21. Kf1 Be2+ 22. Kg1 Bh5 23. g4 fxg3 24. hxg7 gxf2+ 25. Qxf2 Qxg5+ 26. Kf1 Rfd8 0-1

[Event "Florianopolis op 5th"]
[Site "Florianopolis"]
[Date "2019.01.25"]
[Round "7"]
[White "Neuenfeld, Eduarda"]
[Black "Betti, Dulcineia"]
[Result "0-1"]
[WhiteElo "1313"]
[BlackElo "1588"]
[PlyCount "54"]
[EventDate "2019.01.21"]
[EventType "swiss"]
[EventRounds "10"]
[EventCountry "BRA"]
[SourceTitle "CBM 188 Extra"]
[Source "ChessBase"]
[SourceDate "2019.02.26"]
[SourceVersion "1"]
[SourceVersionDate "2019.02.26"]
[SourceQuality "1"]

1. d4 d5 2. Bf4 Nf6 3. e3 Nc6 4. Nf3 Bg4 5. Be2 e6 6. c4 Bb4+ 7. Nbd2 Ne4 8. cxd5 exd5 9. 0-0 Bxf3 10. Nxf3 g5 11. Be5 f6 12. Bg3 g4 13. Nh4 Nd2 14. Bxg4 Nxf1 15. Bh5+ Ke7 16. Nf5+ Kd7 17. Qg4 Nxg3 18. Ng7+ f5 19. Qxg3 Rg8 20. Qf4 Rxg7 21. Qxf5+ Ke7 22. Bg4 Qd6 23. a3 Rf8 24. Qh5 Ba5 25. b4 Bb6 26. Qh4+ Qf6 27. Qxf6+ Rxf6 0-1

[Event "Blumenau STD op"]
[Site "Blumenau"]
[Date "2018.09.30"]
[Round "6"]
[White "Da Silva Junior, Marco Aurelio"]
[Black "Neuenfeld, Eduarda"]
[Result "1-0"]
[WhiteElo "1591"]
[BlackElo "1314"]
[PlyCount "81"]
[EventDate "2018.09.28"]
[EventType "swiss"]
[EventRounds "6"]
[EventCountry "BRA"]
[SourceTitle "EXT 2020"]
[Source "ChessBase"]
[SourceDate "2019.10.17"]
[SourceVersion "1"]
[SourceVersionDate "2019.10.17"]
[SourceQuality "1"]

1. b4 d5 2. Bb2 Nd7 3. Nf3 c6 4. e3 e6 5. Be2 Ngf6 6. a3 Be7 7. Ne5 Qc7 8. Nxd7 Qxd7 9. d3 b6 10. Nd2 Bb7 11. f4 Rc8 12. Nf3 c5 13. Qd2 0-0 14. h3 a6 15. bxc5 Rxc5 16. Bd4 Rcc8 17. Bxb6 Qc6 18. Ba5 Qxc2 19. Qxc2 Rxc2 20. Nd4 Rcc8 21. 0-0 h6 22. Rfb1 Bc6 23. Rb6 Bb5 24. Nxb5 axb5 25. Rxb5 Ra8 26. Bb4 Bxb4 27. Rxb4 Ra5 28. a4 Rfa8 29. Bd1 Nd7 30. Bc2 Nc5 31. d4 Na6 32. Rb5 Nc7 33. Rb7 Na6 34. Rab1 Rc8 35. Bd3 Rxa4 36. R1b6 Ra8 37. Kf2 g6 38. Kf3 Kg7 39. Rxe6 Kf8 40. Rf6 Ke8 41. Bb5+ 1-0

[Event "Blumenau STD op"]
[Site "Blumenau"]
[Date "2018.09.30"]
[Round "5"]
[White "Neuenfeld, Eduarda"]
[Black "Lima da Silva, Christian Ghabriel"]
[Result "1-0"]
[WhiteElo "1314"]
[BlackElo "1803"]
[PlyCount "30"]
[EventDate "2018.09.28"]
[EventType "swiss"]
[EventRounds "6"]
[EventCountry "BRA"]
[SourceTitle "EXT 2020"]
[Source "ChessBase"]
[SourceDate "2019.10.17"]
[SourceVersion "1"]
[SourceVersionDate "2019.10.17"]
[SourceQuality "1"]

1. d4 d5 2. Bf4 Nf6 3. e3 e6 4. c4 c5 5. Nf3 Nc6 6. Nc3 Be7 7. Bd3 0-0 8. 0-0 Qb6 9. Qd2 cxd4 10. exd4 Nxd4 11. Nxd4 Qxd4 12. Bxh7+ Kxh7 13. Qxd4 b6 14. cxd5 exd5 15. Nxd5 Be6 1-0

[Event "Blumenau STD op"]
[Site "Blumenau"]
[Date "2018.09.29"]
[Round "4"]
[White "Szuba, Joao Gabriel Muniz"]
[Black "Neuenfeld, Eduarda"]
[Result "1-0"]
[WhiteElo "1620"]
[BlackElo "1314"]
[PlyCount "95"]
[EventDate "2018.09.28"]
[EventType "swiss"]
[EventRounds "6"]
[EventCountry "BRA"]
[SourceTitle "EXT 2020"]
[Source "ChessBase"]
[SourceDate "2019.10.17"]
[SourceVersion "1"]
[SourceVersionDate "2019.10.17"]
[SourceQuality "1"]

1. e4 c5 2. Nf3 Nc6 3. Bb5 Nf6 4. d3 e6 5. 0-0 Qc7 6. c4 Be7 7. Bxc6 bxc6 8. Nc3 0-0 9. h3 d5 10. exd5 cxd5 11. cxd5 exd5 12. d4 c4 13. Bg5 Bb7 14. Ne5 h6 15. Bh4 Rfe8 16. Qf3 Qa5 17. Bg3 Qb6 18. Rfd1 Bd6 19. b3 Qc7 20. Nb5 Qe7 21. Nxd6 Qxd6 22. Nxf7 Qe7 23. Nd6 Rf8 24. Nxb7 Ne4 25. Qg4 Qxb7 26. bxc4 dxc4 27. Rac1 Qd5 28. Be5 Rf7 29. f3 Nf6 30. Bxf6 Rxf6 31. Qe4 Qxe4 32. fxe4 Rc8 33. Rc3 Kh7 34. Rdc1 Rf4 35. Rxc4 Rxc4 36. Rxc4 Rxe4 37. Kf2 Kg6 38. Kf3 Re1 39. Ra4 Re7 40. Ra6+ Kf7 41. Kf4 Ke8 42. Kf5 Rd7 43. Ke5 Kd8 44. Rd6 Rxd6 45. Kxd6 h5 46. h4 a6 47. a3 a5 48. a4 1-0

[Event "BRA-ch U16 Girls"]
[Site "Itajai"]
[Date "2017.06.03"]
[Round "5"]
[White "Gomes, Maria Eduarda Papin"]
[Black "Neuenfeld, Eduarda"]
[Result "1-0"]
[WhiteElo "1529"]
[BlackElo "1288"]
[PlyCount "77"]
[EventDate "2017.06.01"]
[EventType "swiss"]
[EventRounds "6"]
[EventCountry "BRA"]
[SourceTitle "CBM 179 Extra"]
[Source "ChessBase"]
[SourceDate "2017.08.23"]
[SourceVersion "1"]
[SourceVersionDate "2017.08.23"]
[SourceQuality "1"]

1. d4 d5 2. c4 c6 3. cxd5 cxd5 4. Nc3 Nf6 5. Bf4 Nc6 6. e3 a6 7. a3 e6 8. Bd3 Be7 9. Qc2 0-0 10. h3 Qd7 11. Nf3 b5 12. 0-0 Bb7 13. Rac1 Rac8 14. Qb1 Qd8 15. Ne5 h6 16. Nxc6 Rxc6 17. Ne2 Qb6 18. Rxc6 Bxc6 19. Rc1 Rc8 20. Nc3 Bb7 21. Rc2 Bc6 22. Qc1 b4 23. axb4 Bxb4 24. Na4 Qb7 25. Nc5 Bxc5 26. Rxc5 Nd7 27. Rc2 Nb6 28. Bxa6 Qxa6 29. Rxc6 Rxc6 30. Qxc6 Qa1+ 31. Kh2 Qxb2 32. Qe8+ Kh7 33. Qxf7 Qxf2 34. Qxe6 Nc4 35. Qxd5 Nxe3 36. Qe4+ Nf5 37. Qxf5+ g6 38. Qf7+ Kh8 39. Be5+ 1-0

[Event "Catarinense-ch (Women)"]
[Site "Blumenau"]
[Date "2017.05.21"]
[Round "5"]
[White "Policarpo, Nicoli"]
[Black "Neuenfeld, Eduarda"]
[Result "1-0"]
[WhiteElo "1536"]
[BlackElo "1758"]
[PlyCount "79"]
[EventDate "2017.05.19"]
[EventType "swiss"]
[EventRounds "6"]
[EventCountry "BRA"]
[SourceTitle "CBM 178 Extra"]
[Source "ChessBase"]
[SourceDate "2017.06.22"]
[SourceVersion "1"]
[SourceVersionDate "2017.06.22"]
[SourceQuality "1"]

1. d4 d5 2. Nf3 Nf6 3. Bf4 c6 4. h3 e6 5. e3 b6 6. Be2 Ba6 7. 0-0 Bxe2 8. Qxe2 Nbd7 9. c4 Be7 10. Nc3 0-0 11. Rac1 Rc8 12. Nb1 c5 13. cxd5 exd5 14. dxc5 bxc5 15. Rfd1 Nb6 16. Nc3 Bd6 17. Bxd6 Qxd6 18. Nb5 Qe7 19. Nc3 Rfe8 20. Qb5 Red8 21. Na4 Nxa4 22. Qxa4 c4 23. Nd4 g6 24. Rd2 Ne4 25. Rdc2 Qb7 26. Qb5 Qxb5 27. Nxb5 a5 28. b3 Rc5 29. bxc4 dxc4 30. a4 Rdc8 31. f3 Nf6 32. Na3 c3 33. Nb5 Nd5 34. Kf2 f5 35. e4 fxe4 36. fxe4 Nf4 37. Ke3 Nxg2+ 38. Rxg2 Rc4 39. Nd6 Rxa4 40. Nxc8 1-0

[Event "Catarinense-ch (Women)"]
[Site "Blumenau"]
[Date "2017.05.20"]
[Round "4"]
[White "Neuenfeld, Eduarda"]
[Black "Martins, Lara"]
[Result "1-0"]
[WhiteElo "1758"]
[BlackElo "1355"]
[PlyCount "69"]
[EventDate "2017.05.19"]
[EventType "swiss"]
[EventRounds "6"]
[EventCountry "BRA"]
[SourceTitle "CBM 178 Extra"]
[Source "ChessBase"]
[SourceDate "2017.06.22"]
[SourceVersion "1"]
[SourceVersionDate "2017.06.22"]
[SourceQuality "1"]

1. d4 c6 2. Bf4 d5 3. e3 Nf6 4. c4 e6 5. Nf3 c5 6. a3 Nc6 7. Nc3 Bd6 8. Bxd6 Qxd6 9. Bd3 e5 10. dxe5 Nxe5 11. Nxe5 Qxe5 12. 0-0 0-0 13. Qc2 Qg5 14. h3 d4 15. exd4 cxd4 16. Ne2 Be6 17. Nxd4 Bd7 18. Nf3 Qc5 19. Rad1 Rad8 20. Rfe1 Bf5 21. Bxf5 Rxd1 22. Rxd1 g6 23. Bd3 Nh5 24. b4 Qe7 25. Be2 Nf4 26. Re1 Nxe2+ 27. Rxe2 Qc7 28. c5 a5 29. b5 Qd8 30. c6 bxc6 31. bxc6 Re8 32. Rxe8+ Qxe8 33. c7 Kf8 34. c8Q Qxc8 35. Qxc8+ 1-0

[Event "Catarinense-ch (Women)"]
[Site "Blumenau"]
[Date "2017.05.19"]
[Round "2"]
[White "Neuenfeld, Eduarda"]
[Black "Blau, Emily Camile"]
[Result "1-0"]
[WhiteElo "1758"]
[BlackElo "1266"]
[PlyCount "67"]
[EventDate "2017.05.19"]
[EventType "swiss"]
[EventRounds "6"]
[EventCountry "BRA"]
[SourceTitle "CBM 178 Extra"]
[Source "ChessBase"]
[SourceDate "2017.06.22"]
[SourceVersion "1"]
[SourceVersionDate "2017.06.22"]
[SourceQuality "1"]

1. d4 d5 2. Bf4 e6 3. e3 Bd7 4. c4 Nc6 5. Nf3 Nf6 6. a3 Be7 7. Nc3 Na5 8. b3 0-0 9. Bd3 dxc4 10. bxc4 a6 11. 0-0 b5 12. cxb5 axb5 13. Nxb5 Rb8 14. Bxc7 Qc8 15. Bxb8 Qxb8 16. Qa4 Bd8 17. Rab1 Qa8 18. Qc2 Nc6 19. Rfc1 Re8 20. Nd6 Re7 21. Ng5 h6 22. Nge4 Qxa3 23. Ra1 Qb4 24. Rcb1 Nxd4 25. exd4 Qxd4 26. Nxf6+ Qxf6 27. Ra8 g6 28. Rxd8+ Be8 29. Rxe8+ Kg7 30. Rxe7 Qxe7 31. Ne4 Qd7 32. Qc3+ Kf8 33. Rb8+ Ke7 34. Qf6# 1-0